00543 2200205 4500001002100000005001700021008004100038035002400079082001000103090001700113100001600130245006300146260002700209300001800236500002600254650002200280850001500302985000600317999001400323YOGYA-0209000002999220090227024435.0 ind  0010-020900000029992 a297.4 a297.4bZar P aZARKASJI, I aPeladjaran fiqihb(bagian Ibadah)cdisusun alih I.Zarkasji aGontorbTrimurtic1954 a...bagc21 cm aYang diterima : bag.I aHukum agama Islam aYOPDYOG(B) a1 ab00004760